000 00437nmm a2200157Ia 4500
008 251105s9999||||xx |||||||||||||||||und||
020 _a9789586485463
041 _aspa
100 _aRoa Rojas, Hernán
245 0 _aRégimen de contratación estatal
264 _a[Bogotá, Colombia] :
_bEcoe Ediciones,
_c2008
300 _a246 páginas
650 _aLaw
856 _uhttps://public.digitaliapublishing.com/a/103012
942 _cCF
999 _c95244
_d95244